000 00404nam a22001817a 4500
008 240220b |||||||| |||| 00| 0 eng d
020 _a
040 _a30
082 _a618.94 ATH
100 _aATHAVALE , V.B
110 _bAYURVEDA
245 _aCARDIOLOGY IN AYURVEDA
_b(HRID-VIJNAN)
250 _a1 ST
260 _aDELHI
_bCSP
_c1999
300 _a178
650 _aKAYACHIKSTA
942 _c01
999 _c58316
_d58316